[Event "CN Equipas 2019 - 1. div"]
[Site "Évora POR"]
[Date "2019.07.17"]
[Round "4.2.3"]
[White "Asis Gargatagli, Hipolito"]
[Black "Ftacnik, Lubomir"]
[Result "0-1"]
[WhiteElo "2506"]
[BlackElo "2513"]
[WhiteFideId "2260735"]
[BlackFideId "14900017"]
[WhiteTeam "Amadora Xadrez 'A'"]
[BlackTeam "Ax Gaia 'A'"]
[WhiteTitle "GM"]
[BlackTitle "GM"]
[PlyCount "94"]

1. e4 c5 2. Nf3 d6 3. Bb5+ Nd7 4. O-O a6 5. Bd3 Ngf6 6. Re1 e6 7. a4 b6 8. Na3
Bb7 9. c3 Be7 10. Bb1 O-O 11. d4 cxd4 12. cxd4 d5 13. e5 Ne4 14. Nd2 f5 15. exf6
Bxf6 16. Nxe4 dxe4 17. Be3 Bd5 18. Qe2 Qb8 19. Nc4 Qb7 20. Nd2 e5 21. dxe5 Nxe5
22. Ra3 Rae8 23. a5 Nd3 24. Bxd3 exd3 25. Qg4 Bxb2 26. Rxd3 b5 27. h4 Bf6 28. h5
b4 29. Rb1 Qb5 30. Rd4 b3 31. Rb4 Qd3 32. R4xb3 Bxb3 33. Rxb3 Qd5 34. Qc4 Qxc4
35. Nxc4 Re4 36. Nd6 Ra4 37. g3 Rxa5 38. h6 Rd8 39. Ne4 Rb5 40. Nxf6+ gxf6 41.
Rc3 Rbd5 42. Rc6 R5d6 43. Rc7 R8d7 44. Rc8+ Kf7 45. Bf4 Re6 46. Rh8 Kg6 47. g4
Re4 0-1

[Event "CN Equipas 2019 - 1. div"]
[Site "Évora POR"]
[Date "2019.07.17"]
[Round "4.2.4"]
[White "Sousa, André V"]
[Black "Eggert, Alberto"]
[Result "1-0"]
[WhiteElo "2362"]
[BlackElo "2131"]
[WhiteFideId "1917617"]
[BlackFideId "4139500"]
[WhiteTeam "Ax Gaia 'A'"]
[BlackTeam "Amadora Xadrez 'A'"]
[WhiteTitle "IM"]
[PlyCount "103"]

1. e4 e5 2. Nf3 Nc6 3. Bb5 a6 4. Ba4 Nf6 5. O-O Be7 6. Re1 b5 7. Bb3 d6 8. c3
O-O 9. d4 Bg4 10. Be3 Bh5 11. Nbd2 exd4 12. cxd4 Nb4 13. Nf1 c5 14. Ng3 c4 15.
Nxh5 Nxh5 16. Bc2 Nxc2 17. Qxc2 d5 18. e5 g6 19. Bh6 Ng7 20. g3 Qb6 21. h4 Rfe8
22. Bxg7 Kxg7 23. Kg2 b4 24. h5 a5 25. e6 Bf6 26. exf7 Kxf7 27. Rh1 Re4 28.
hxg6+ hxg6 29. Rh7+ Kg8 30. Rah1 Ra7 31. Rxa7 Qxa7 32. Qa4 Kg7 33. Qc6 Qf7 34.
Qa8 Re8 35. Qxa5 Re2 36. Qa8 Re8 37. Qc6 Qe6 38. Qc7+ Qe7 39. Qf4 Qf8 40. Qh6+
Kf7 41. Qh7+ Qg7 42. Qh3 Kg8 43. Qg4 Re4 44. Qc8+ Qf8 45. Qb7 Qf7 46. Qxb4 Qa7
47. Qd6 Qf7 48. a4 Kg7 49. a5 Re2 50. Qb8 Re8 51. Qf4 Re2 52. Rh7+ 1-0

[Event "CN Equipas 2019 - 1. div"]
[Site "Évora POR"]
[Date "2019.07.17"]
[Round "4.3.1"]
[White "Trigo Urquijo, Sergio"]
[Black "Galego, Luís"]
[Result "1/2-1/2"]
[WhiteElo "2382"]
[BlackElo "2513"]
[WhiteFideId "2262436"]
[BlackFideId "1900072"]
[WhiteTeam "Gx Porto 'A'"]
[BlackTeam "Assembleia Figueirense"]
[WhiteTitle "FM"]
[BlackTitle "GM"]
[PlyCount "25"]

1. d4 Nf6 2. c4 e6 3. Nc3 Bb4 4. e3 O-O 5. Bd3 d5 6. Nf3 dxc4 7. Bxc4 b6 8. O-O
Nbd7 9. a3 Bxc3 10. bxc3 Bb7 11. Qe2 c5 12. Bb2 Qc7 13. Ba2 1/2-1/2

[Event "CN Equipas 2019 - 1. div"]
[Site "Évora POR"]
[Date "2019.07.17"]
[Round "4.3.2"]
[White "Del Rio Angelis, Salvador"]
[Black "Iruzubieta, Jesus"]
[Result "1/2-1/2"]
[WhiteElo "2464"]
[BlackElo "2438"]
[WhiteFideId "2203138"]
[BlackFideId "2200597"]
[WhiteTeam "Assembleia Figueirense"]
[BlackTeam "Gx Porto 'A'"]
[WhiteTitle "GM"]
[BlackTitle "FM"]
[PlyCount "39"]

1. d4 d5 2. c4 c6 3. Nf3 Nf6 4. Nc3 dxc4 5. a4 Bf5 6. e3 e6 7. Bxc4 Bb4 8. O-O
O-O 9. Nh4 Bg4 10. f3 Bh5 11. g4 Bg6 12. Nxg6 hxg6 13. e4 Nbd7 14. g5 Ne8 15.
Kg2 e5 16. dxe5 Nxe5 17. Qxd8 Rxd8 18. Be2 Nc7 19. Bf4 f6 20. Bxe5 1/2-1/2

[Event "CN Equipas 2019 - 1. div"]
[Site "Évora POR"]
[Date "2019.07.17"]
[Round "4.3.3"]
[White "Lombaers, Peter"]
[Black "Oratovsky, Michael"]
[Result "0-1"]
[WhiteElo "2361"]
[BlackElo "2445"]
[WhiteFideId "1032852"]
[BlackFideId "2802090"]
[WhiteTeam "Gx Porto 'A'"]
[BlackTeam "Assembleia Figueirense"]
[WhiteTitle "FM"]
[BlackTitle "GM"]
[PlyCount "106"]

1. c4 e5 2. g3 Nf6 3. Bg2 c6 4. Nf3 e4 5. Nd4 d5 6. d3 Bc5 7. Nb3 Bb4+ 8. Bd2
Bxd2+ 9. Qxd2 dxc4 10. dxc4 Qxd2+ 11. N1xd2 e3 12. fxe3 Ng4 13. Bh3 Ke7 14. Bxg4
Bxg4 15. h3 Bc8 16. e4 Nd7 17. Nd4 g6 18. O-O Rd8 19. N4f3 Nc5 20. Kg2 a5 21.
Rad1 Be6 22. Ng5 Rd4 23. e3 Rd3 24. Nb3 Rxd1 25. Rxd1 Nd7 26. Nxe6 fxe6 27. Nd4
a4 28. Rd3 Nc5 29. Ra3 Nxe4 30. b3 axb3 31. Rxb3 Rxa2+ 32. Kg1 Ra1+ 33. Kg2 Ra2+
34. Kg1 Nc5 35. Rb1 Ra4 36. Rc1 Ra3 37. Re1 Rc3 38. Nf3 Rxc4 39. Rf1 Rc3 40. Ng5
h6 41. Nf7 Rxe3 42. Kf2 Rb3 43. Nxh6 Ne4+ 44. Kg2 Rb2+ 45. Kg1 Nxg3 46. Rf7+ Kd6
47. Rf6 g5 48. Nf7+ Ke7 49. Rf3 Rb1+ 50. Kh2 Nf1+ 51. Kg2 Ne3+ 52. Kh2 Rb2+ 53.
Kh1 g4 0-1

[Event "CN Equipas 2019 - 1. div"]
[Site "Évora POR"]
[Date "2019.07.17"]
[Round "4.3.4"]
[White "Vasallo, Mauricio"]
[Black "Marchena Hurtado, Javier"]
[Result "1/2-1/2"]
[WhiteElo "2380"]
[BlackElo "2352"]
[WhiteFideId "101648"]
[BlackFideId "2271583"]
[WhiteTeam "Assembleia Figueirense"]
[BlackTeam "Gx Porto 'A'"]
[WhiteTitle "IM"]
[BlackTitle "FM"]
[PlyCount "49"]

1. Nf3 d5 2. d4 Nf6 3. c4 c6 4. e3 a6 5. Bd3 Bg4 6. Qb3 Bxf3 7. gxf3 Qc7 8. Bd2
e6 9. Nc3 Nbd7 10. cxd5 cxd5 11. Rc1 Qb6 12. Qxb6 Nxb6 13. Ke2 Be7 14. Nb1 Kd7
15. Ba5 Bd8 16. Nd2 Na4 17. Bxd8 Rhxd8 18. Bc2 Nb6 19. Nb3 Nc4 20. Nc5+ Ke7 21.
b3 Nd6 22. Bd3 Rdc8 23. Kd2 Rc7 24. Rc2 Rac8 25. Re1 1/2-1/2

[Event "CN Equipas 2019 - 1. div"]
[Site "Évora POR"]
[Date "2019.07.17"]
[Round "4.4.1"]
[White "Henderson De La Fuente, Lance"]
[Black "Ferreira, Jorge"]
[Result "1/2-1/2"]
[WhiteElo "2471"]
[BlackElo "2524"]
[WhiteFideId "32096585"]
[BlackFideId "1910850"]
[WhiteTeam "Ex Porto 'A'"]
[BlackTeam "Gd Dias Ferreira 'A'"]
[WhiteTitle "IM"]
[BlackTitle "GM"]
[PlyCount "43"]

1. e4 c5 2. Nf3 d6 3. d4 Nf6 4. Nc3 cxd4 5. Nxd4 a6 6. h3 e5 7. Nde2 h5 8. g3
Nbd7 9. Bg2 b5 10. a4 b4 11. Nd5 Nxd5 12. Qxd5 Rb8 13. Be3 a5 14. O-O Be7 15.
Qd2 O-O 16. c4 Nc5 17. Qc2 h4 18. Rfd1 Qc7 19. g4 b3 20. Qd2 Be6 21. Nc3 Bxc4
22. Bf1 1/2-1/2

[Event "CN Equipas 2019 - 1. div"]
[Site "Évora POR"]
[Date "2019.07.17"]
[Round "4.4.2"]
[White "Kantor, Gergely"]
[Black "Veiga, Francisco"]
[Result "1-0"]
[WhiteElo "2519"]
[BlackElo "2357"]
[WhiteFideId "751499"]
[BlackFideId "1930087"]
[WhiteTeam "Gd Dias Ferreira 'A'"]
[BlackTeam "Ex Porto 'A'"]
[WhiteTitle "IM"]
[BlackTitle "FM"]
[PlyCount "73"]

1. d4 Nf6 2. c4 c5 3. d5 e6 4. Nc3 exd5 5. cxd5 d6 6. e4 g6 7. f4 Bg7 8. Bb5+
Nfd7 9. Bd3 Qh4+ 10. g3 Qe7 11. Nf3 O-O 12. O-O Nb6 13. f5 N8d7 14. Bg5 Bf6 15.
h4 Ne5 16. Nxe5 Bxg5 17. hxg5 Qxe5 18. Qf3 Nd7 19. Bb5 Qd4+ 20. Kh1 Ne5 21. Qf4
c4 22. Rad1 Qc5 23. Rd2 a6 24. Ba4 b5 25. Bd1 Qc7 26. Qh4 f6 27. gxf6 b4 28. Ne2
gxf5 29. Nd4 Ng6 30. Qg5 c3 31. bxc3 bxc3 32. Rdf2 Qc4 33. Nc6 Qxe4+ 34. Bf3 Qe8
35. Ne7+ Kf7 36. Bh5 Rh8 37. Nxg6 1-0

[Event "CN Equipas 2019 - 1. div"]
[Site "Évora POR"]
[Date "2019.07.17"]
[Round "4.4.3"]
[White "Silva, Miguel"]
[Black "Gukesh D"]
[Result "0-1"]
[WhiteElo "2250"]
[BlackElo "2520"]
[WhiteFideId "1911929"]
[BlackFideId "46616543"]
[WhiteTeam "Ex Porto 'A'"]
[BlackTeam "Gd Dias Ferreira 'A'"]
[WhiteTitle "NM"]
[BlackTitle "GM"]
[PlyCount "72"]

1. d4 b6 2. e4 Bb7 3. Bd3 g6 4. Nf3 Bg7 5. O-O d6 6. Qe2 e6 7. a4 a6 8. Nbd2 Ne7
9. c3 Nd7 10. Re1 O-O 11. h3 h6 12. Nc4 g5 13. e5 dxe5 14. Nfxe5 Nxe5 15. Nxe5
c5 16. Bc4 cxd4 17. Nxf7 Rxf7 18. Bxe6 Rc8 19. h4 Rc6 20. hxg5 Rxe6 21. Qxe6
hxg5 22. Bxg5 Qd5 23. Qg4 Qf5 24. Qg3 dxc3 25. bxc3 Nd5 26. Rad1 Nf6 27. Rd8+
Kh7 28. Re5 Qb1+ 29. Kh2 Nh5 30. Qh4 Bxe5+ 31. f4 Bxf4+ 32. Bxf4 Qg6 33. g4 Rxf4
34. Rd7+ Rf7 35. Rxf7+ Qxf7 36. gxh5 Qa2+ 0-1

[Event "CN Equipas 2019 - 1. div"]
[Site "Évora POR"]
[Date "2019.07.17"]
[Round "4.4.4"]
[White "Martinez, Lelys"]
[Black "Paiva, Henrique"]
[Result "1-0"]
[WhiteElo "2535"]
[BlackElo "2122"]
[WhiteFideId "3504727"]
[BlackFideId "1920995"]
[WhiteTeam "Gd Dias Ferreira 'A'"]
[BlackTeam "Ex Porto 'A'"]
[WhiteTitle "GM"]
[BlackTitle "NM"]
[PlyCount "90"]

1. e4 c5 2. Nc3 e6 3. g3 Nc6 4. Bg2 g6 5. d3 Bg7 6. Be3 d6 7. Qd2 Rb8 8. Nge2
Nd4 9. O-O a6 10. Nd1 Nxe2+ 11. Qxe2 Ne7 12. Qd2 Nc6 13. Bh6 O-O 14. Bxg7 Kxg7
15. Ne3 f5 16. f4 h5 17. h4 Bd7 18. Rae1 b5 19. c3 Qf6 20. Rf2 Rbe8 21. a3 a5
22. a4 Nd8 23. axb5 Bxb5 24. c4 Bc6 25. Qxa5 Kh6 26. e5 Qe7 27. Qa6 Qd7 28. Qb6
Bxg2 29. Nxg2 dxe5 30. Qxc5 Qxd3 31. Rxe5 Nb7 32. Qb4 Rf7 33. Kh2 Rd7 34. Rfe2
Nd8 35. Qb5 Ree7 36. R5e3 Qd4 37. Ne1 Rb7 38. Nf3 Qxe3 39. Rxe3 Rxb5 40. cxb5
Rb7 41. Rb3 Nf7 42. b6 Nd6 43. Ne5 Kg7 44. Kg2 Kf6 45. Rc3 Ne8 1-0

[Event "CN Equipas 2019 - 1. div"]
[Site "Évora POR"]
[Date "2019.07.17"]
[Round "4.5.1"]
[White "Fier, Alexandr"]
[Black "Oparin, Grigoriy"]
[Result "1/2-1/2"]
[WhiteElo "2547"]
[BlackElo "2660"]
[WhiteFideId "2107139"]
[BlackFideId "24125890"]
[WhiteTeam "Ax Portugal/Atlantidiagonal 'A'"]
[BlackTeam "A.XAT-Montemor-o-Novo"]
[WhiteTitle "GM"]
[BlackTitle "GM"]
[PlyCount "66"]

1. e4 e5 2. Nf3 Nc6 3. Bb5 a6 4. Ba4 Nf6 5. O-O Be7 6. Re1 b5 7. Bb3 d6 8. c3
O-O 9. d4 Bg4 10. Be3 exd4 11. cxd4 Na5 12. Bc2 c5 13. h3 cxd4 14. Bxd4 Bh5 15.
Nc3 Rc8 16. g4 Bg6 17. Rc1 Nc4 18. b3 Ne5 19. Nh4 b4 20. Nxg6 fxg6 21. Bxe5 dxe5
22. Na4 Nd7 23. Qd5+ Kh8 24. Re2 Bh4 25. Rf1 Rf3 26. Rd2 Qf6 27. Bd1 Rxh3 28.
Kg2 Bxf2 29. Rfxf2 Qh4 30. Qxd7 Rg3+ 31. Kf1 Qh1+ 32. Ke2 Qxe4+ 33. Kf1 Qh1+
1/2-1/2

[Event "CN Equipas 2019 - 1. div"]
[Site "Évora POR"]
[Date "2019.07.17"]
[Round "4.5.2"]
[White "Perez Candelario, Manuel"]
[Black "Ibarra Jerez, José Carlos"]
[Result "1/2-1/2"]
[WhiteElo "2628"]
[BlackElo "2547"]
[WhiteFideId "2210622"]
[BlackFideId "2226332"]
[WhiteTeam "A.XAT-Montemor-o-Novo"]
[BlackTeam "Ax Portugal/Atlantidiagonal 'A'"]
[WhiteTitle "GM"]
[BlackTitle "GM"]
[PlyCount "129"]

1. e4 e5 2. Nf3 Nf6 3. Nxe5 d6 4. Nc4 Nxe4 5. Qe2 Qe7 6. Ne3 c6 7. b3 Nf6 8. Bb2
Na6 9. g3 h5 10. d3 h4 11. Nd2 Be6 12. Bg2 d5 13. a3 O-O-O 14. b4 Qd7 15. Nb3
Re8 16. Bd4 Kb8 17. O-O-O Qc7 18. c4 hxg3 19. hxg3 Rxh1 20. Bxh1 Bg4 21. Bf3
dxc4 22. dxc4 Bxf3 23. Qxf3 Ne4 24. c5 g6 25. Nc4 f5 26. Qd3 Bg7 27. Be3 Qe7 28.
Qd7 g5 29. Qxf5 Rf8 30. Qd7 Qf6 31. Bd4 Qf7 32. Qxf7 Rxf7 33. Bxg7 Rxg7 34. Rd8+
Kc7 35. Rf8 Re7 36. Nd4 Nexc5 37. Nf5 Nd7 38. Rg8 Re2 39. Nfd6 Nb6 40. Rg7+ Nd7
41. Nxb7 Rxf2 42. Nbd6 Nab8 43. Rxg5 Nb6 44. Ra5 Nxc4 45. Nxc4 Rf3 46. Rxa7+ Kd8
47. Rb7 Rxg3 48. Kb2 Nd7 49. Ra7 Rg2+ 50. Kb3 Rg3+ 51. Kc2 Rg2+ 52. Kd3 Rg3+ 53.
Kd2 Rg2+ 54. Ke3 Rg3+ 55. Kf4 Rc3 56. Nd6 Rd3 57. Nf5 Rd1 58. Ke4 Nf6+ 59. Ke5
Nd7+ 60. Ke6 Nf8+ 61. Kf6 Nd7+ 62. Kf7 Nb6 63. Kf6 Nd7+ 64. Kf7 Nb6 65. Kf6
1/2-1/2

[Event "CN Equipas 2019 - 1. div"]
[Site "Évora POR"]
[Date "2019.07.17"]
[Round "4.5.3"]
[White "Spraggett, Kevin"]
[Black "Santos Latasa, Jaime"]
[Result "1/2-1/2"]
[WhiteElo "2511"]
[BlackElo "2594"]
[WhiteFideId "2600013"]
[BlackFideId "2293307"]
[WhiteTeam "Ax Portugal/Atlantidiagonal 'A'"]
[BlackTeam "A.XAT-Montemor-o-Novo"]
[WhiteTitle "GM"]
[BlackTitle "GM"]
[PlyCount "118"]

1. e4 c5 2. Nf3 d6 3. d4 cxd4 4. Nxd4 Nf6 5. Nc3 Nc6 6. Bg5 e6 7. Qd2 a6 8.
O-O-O Be7 9. f4 Bd7 10. Nf3 b5 11. Bxf6 gxf6 12. Bd3 Qb6 13. Kb1 O-O-O 14. Rhe1
Qc5 15. Bf1 Kb8 16. Re3 Rhe8 17. Qe1 Qb6 18. a4 b4 19. Na2 Ka7 20. Red3 Rb8 21.
b3 Na5 22. Nd4 h5 23. Rh3 Rh8 24. Qe2 Nb7 25. Rxh5 Nc5 26. Rxh8 Rxh8 27. g3 f5
28. exf5 Bf6 29. fxe6 fxe6 30. h4 e5 31. fxe5 dxe5 32. a5 Qxa5 33. Qf2 Qb6 34.
Nc6+ Bxc6 35. Qxf6 Rc8 36. Qxe5 a5 37. Bc4 a4 38. h5 Be4 39. Rd6 Qb7 40. Qd4 Kb8
41. Rd8 axb3 42. Rxc8+ Qxc8 43. Nxb4 bxc2+ 44. Nxc2 Bxc2+ 45. Kxc2 Qf5+ 46. Kc3
Ne4+ 47. Kb2 Qxh5 48. Qb6+ Ka8 49. Qd8+ Ka7 50. Qd4+ Kb8 51. g4 Qh2+ 52. Ka1
Qh1+ 53. Ka2 Qh2+ 54. Kb3 Nd2+ 55. Ka4 Nxc4 56. Qxc4 Qc7 57. Kb5 Qxc4+ 58. Kxc4
Kc8 59. Kc5 Kc7 1/2-1/2

[Event "CN Equipas 2019 - 1. div"]
[Site "Évora POR"]
[Date "2019.07.17"]
[Round "4.5.4"]
[White "Forcén Estebán, Daniel"]
[Black "Fernandes, António"]
[Result "1/2-1/2"]
[WhiteElo "2566"]
[BlackElo "2376"]
[WhiteFideId "2288230"]
[BlackFideId "1900021"]
[WhiteTeam "A.XAT-Montemor-o-Novo"]
[BlackTeam "Ax Portugal/Atlantidiagonal 'A'"]
[WhiteTitle "GM"]
[BlackTitle "GM"]
[PlyCount "151"]

1. e4 e5 2. Nf3 Nc6 3. Bb5 a6 4. Ba4 Nf6 5. O-O Be7 6. Re1 b5 7. Bb3 O-O 8. a4
Bb7 9. d3 d6 10. Nbd2 Nb8 11. Nf1 Nbd7 12. c3 Nc5 13. Bc2 Nxa4 14. Bxa4 bxa4 15.
Qxa4 a5 16. Ne3 Nd7 17. Qc2 Nc5 18. b3 Qd7 19. Ba3 Qb5 20. Bxc5 Qxc5 21. Nc4 Qb5
22. Ra4 Ra6 23. Rea1 Rfa8 24. Qa2 Bc8 25. Ne1 Qc5 26. Nc2 d5 27. N4e3 c6 28. Qb2
Bd8 29. d4 exd4 30. Nxd4 dxe4 31. Rc4 Qd6 32. Rd1 Bc7 33. g3 Qg6 34. Qa3 Bg4 35.
Nxg4 Qxg4 36. Re1 Re8 37. Nxc6 Qd7 38. Nd4 Bd6 39. Qa4 Qxa4 40. Rxa4 Bc5 41. b4
Bxd4 42. cxd4 Rb8 43. bxa5 f5 44. Rc1 Rb5 45. Rc5 Rxc5 46. dxc5 Kf7 47. c6 Ke7
48. c7 Kd7 49. Rc4 Kc8 50. Rc5 g6 51. Kf1 Rd6 52. Ke2 Rd3 53. a6 Ra3 54. Rc6
Ra2+ 55. Ke3 Ra3+ 56. Kd4 Ra2 57. Ke3 Ra3+ 58. Kd4 Ra2 59. Rc5 Rxa6 60. Rc2 Ra7
61. Ke5 Rxc7 62. Rxc7+ Kxc7 63. h3 Kd7 64. Kf6 Kd6 65. h4 Kd5 66. Kg7 Ke6 67.
Kxh7 Kf7 68. Kh6 Kf6 69. Kh7 g5 70. hxg5+ Kxg5 71. Kg7 Kg4 72. Kf6 f4 73. gxf4
Kxf4 74. Ke6 Kf3 75. Kf5 Kxf2 76. Kxe4 1/2-1/2

[Event "CN Equipas 2019 - 1. div"]
[Site "Évora POR"]
[Date "2019.07.18"]
[Round "5.1.1"]
[White "Oparin, Grigoriy"]
[Black "Suarez Gomez, Julio"]
[Result "1/2-1/2"]
[WhiteElo "2660"]
[BlackElo "2429"]
[WhiteFideId "24125890"]
[BlackFideId "22275991"]
[WhiteTeam "A.XAT-Montemor-o-Novo"]
[BlackTeam "O Amanhã da Criança"]
[WhiteTitle "GM"]
[BlackTitle "IM"]
[PlyCount "75"]

1. Nf3 Nf6 2. c4 e6 3. g3 b6 4. Bg2 Bb7 5. d4 g6 6. O-O Bg7 7. Qc2 O-O 8. Nc3 d5
9. cxd5 exd5 10. b4 c6 11. a4 Re8 12. Rd1 Nbd7 13. a5 Qc8 14. Bf4 Nh5 15. Bd2 c5
16. bxc5 bxc5 17. e3 Nhf6 18. Qa2 c4 19. Ne1 Nb8 20. Nc2 Na6 21. Rab1 Qd7 22.
Nb4 Nxb4 23. Rxb4 Bf8 24. Rb2 Bc6 25. Rdb1 h5 26. h3 Bd6 27. a6 Rab8 28. Rxb8
Bxb8 29. Bc1 Kg7 30. Ba3 Qf5 31. Qe2 Qe6 32. Bc5 Nd7 33. Bb4 Nf6 34. Ra1 Qc8 35.
Bc5 Qe6 36. Qf3 Qd7 37. Qe2 Qe6 38. Qf3 1/2-1/2

[Event "CN Equipas 2019 - 1. div"]
[Site "Évora POR"]
[Date "2019.07.18"]
[Round "5.1.2"]
[White "Medarde Santiago, Luis Marcos"]
[Black "Perez Candelario, Manuel"]
[Result "0-1"]
[WhiteElo "2359"]
[BlackElo "2628"]
[WhiteFideId "2263076"]
[BlackFideId "2210622"]
[WhiteTeam "O Amanhã da Criança"]
[BlackTeam "A.XAT-Montemor-o-Novo"]
[WhiteTitle "FM"]
[BlackTitle "GM"]
[PlyCount "114"]

1. e4 e5 2. Nf3 Nc6 3. Nc3 Nf6 4. d4 exd4 5. Nxd4 Bb4 6. Nxc6 bxc6 7. Bd3 d5 8.
exd5 O-O 9. O-O cxd5 10. h3 c6 11. Qf3 Rb8 12. Bf4 Bd6 13. b3 a5 14. Rfe1 Be6
15. Rad1 Bxf4 16. Qxf4 Rb4 17. Qf3 Nd7 18. Ne2 Qg5 19. Qg3 Qxg3 20. fxg3 Nf6 21.
Nf4 Re8 22. c3 Rbb8 23. c4 dxc4 24. bxc4 Bd7 25. Rxe8+ Bxe8 26. Rb1 Rd8 27. Rb3
a4 28. Ra3 g5 29. Ne2 c5 30. Kf2 Rb8 31. Rc3 Bc6 32. Rc1 Rd8 33. Rd1 Kg7 34. Nc3
Rb8 35. Rb1 Rd8 36. Rd1 a3 37. Bc2 Rxd1 38. Nxd1 Ne4+ 39. Ke1 Nxg3 40. Nc3 h5
41. Na4 Bxg2 42. Kf2 Be4 43. Bb3 h4 44. Nxc5 Bf5 45. Kg2 Kf6 46. Na6 Ke5 47. c5
Be4+ 48. Kf2 f5 49. Nb8 Nh5 50. Ke3 Nf6 51. c6 f4+ 52. Kf2 Kd6 53. Bd1 Bd5 54.
c7 Ne4+ 55. Ke1 Kxc7 56. Na6+ Kd6 57. Nb4 Be6 0-1

[Event "CN Equipas 2019 - 1. div"]
[Site "Évora POR"]
[Date "2019.07.18"]
[Round "5.1.3"]
[White "Santos Latasa, Jaime"]
[Black "Pazos Porta, Antonio"]
[Result "1-0"]
[WhiteElo "2594"]
[BlackElo "2340"]
[WhiteFideId "2293307"]
[BlackFideId "2263190"]
[WhiteTeam "A.XAT-Montemor-o-Novo"]
[BlackTeam "O Amanhã da Criança"]
[WhiteTitle "GM"]
[BlackTitle "FM"]
[PlyCount "71"]

1. d4 Nf6 2. c4 g6 3. Nc3 Bg7 4. e4 d6 5. h3 O-O 6. Be3 e5 7. d5 Na6 8. g4 Nd7
9. Nf3 f5 10. gxf5 gxf5 11. exf5 Ndc5 12. a3 Bxf5 13. Rg1 Kh8 14. b4 Ne4 15.
Nxe4 Bxe4 16. Ng5 Bf5 17. Bd3 Qf6 18. Bxf5 Qxf5 19. Qg4 Bh6 20. Ne6 Qxg4 21.
Rxg4 Rf6 22. Ke2 Bxe3 23. fxe3 Rg8 24. Rxg8+ Kxg8 25. Rg1+ Kh8 26. Nd8 Nb8 27.
Nxb7 Nd7 28. Nd8 e4 29. Rg4 Ne5 30. Rxe4 Rg6 31. Nc6 Rg2+ 32. Kf1 Rc2 33. Nxe5
dxe5 34. c5 Ra2 35. Rxe5 Rxa3 36. Re7 1-0

[Event "CN Equipas 2019 - 1. div"]
[Site "Évora POR"]
[Date "2019.07.18"]
[Round "5.1.4"]
[White "Espineira, Diego"]
[Black "Forcén Estebán, Daniel"]
[Result "0-1"]
[WhiteElo "2361"]
[BlackElo "2566"]
[WhiteFideId "2229498"]
[BlackFideId "2288230"]
[WhiteTeam "O Amanhã da Criança"]
[BlackTeam "A.XAT-Montemor-o-Novo"]
[WhiteTitle "IM"]
[BlackTitle "GM"]
[PlyCount "62"]

1. d4 Nf6 2. c4 d6 3. Nc3 g6 4. e4 Bg7 5. Bg5 h6 6. Bh4 c5 7. d5 Qa5 8. Qd2 g5
9. Bg3 Nh5 10. Bd3 Nd7 11. Nge2 Ne5 12. Bxe5 Bxe5 13. f3 Nf4 14. g3 Nxd3+ 15.
Qxd3 Bd7 16. Kf2 Bf6 17. a3 a6 18. Kg2 b5 19. b4 bxc4 20. Qxc4 cxb4 21. Qxb4 Qc7
22. Rab1 O-O 23. Qb6 Rfc8 24. Rhc1 Qxb6 25. Rxb6 Rc7 26. Kf2 Rac8 27. Rb3 Bb5
28. Nxb5 Rc5 29. Rc2 Rxc2 30. Na7 Rc1 31. Nc6 Rh1 0-1

[Event "CN Equipas 2019 - 1. div"]
[Site "Évora POR"]
[Date "2019.07.18"]
[Round "5.2.1"]
[White "Ferreira, Jorge"]
[Black "Fier, Alexandr"]
[Result "1/2-1/2"]
[WhiteElo "2524"]
[BlackElo "2547"]
[WhiteFideId "1910850"]
[BlackFideId "2107139"]
[WhiteTeam "Gd Dias Ferreira 'A'"]
[BlackTeam "Ax Portugal/Atlantidiagonal 'A'"]
[WhiteTitle "GM"]
[BlackTitle "GM"]
[PlyCount "52"]

1. e4 c5 2. Nf3 e6 3. c3 d5 4. exd5 Qd7 5. d6 Qxd6 6. d4 Qd5 7. Na3 Nf6 8. Bd2
Nc6 9. Be3 cxd4 10. Nb5 Qd8 11. Nbxd4 Nd5 12. Nxc6 bxc6 13. Bd2 Bd6 14. c4 Nf6
15. Bc3 Ne4 16. Qd4 Nxc3 17. Qxg7 Rf8 18. Qxc3 Qe7 19. a3 Bb7 20. g3 O-O-O 21.
Bg2 e5 22. O-O f5 23. c5 Bc7 24. Rad1 Kb8 25. Nd2 e4 26. Nb3 Qe5 1/2-1/2

[Event "CN Equipas 2019 - 1. div"]
[Site "Évora POR"]
[Date "2019.07.18"]
[Round "5.2.2"]
[White "Ibarra Jerez, José Carlos"]
[Black "Kantor, Gergely"]
[Result "1/2-1/2"]
[WhiteElo "2547"]
[BlackElo "2519"]
[WhiteFideId "2226332"]
[BlackFideId "751499"]
[WhiteTeam "Ax Portugal/Atlantidiagonal 'A'"]
[BlackTeam "Gd Dias Ferreira 'A'"]
[WhiteTitle "GM"]
[BlackTitle "IM"]
[PlyCount "199"]

1. c4 Nf6 2. Nc3 e5 3. Nf3 Nc6 4. e4 Bb4 5. d3 d6 6. a3 Bxc3+ 7. bxc3 Nd7 8. g3
O-O 9. Bg2 Nb6 10. Nh4 Ne7 11. O-O Rb8 12. a4 Be6 13. a5 Nd7 14. f4 f5 15. exf5
Nxf5 16. Nxf5 Bxf5 17. g4 Bg6 18. f5 Bf7 19. g5 Qe8 20. Be3 Bh5 21. Qe1 Bg4 22.
Be4 Qh5 23. Qg3 b6 24. axb6 axb6 25. Ra2 g6 26. f6 Bf5 27. Bd5+ Kh8 28. h4 Qg4
29. Qxg4 Bxg4 30. Ra7 Rfc8 31. Bb7 Rd8 32. Bc6 Rdc8 33. Rf2 Nf8 34. Bb7 Rd8 35.
Rb2 Be6 36. Bc6 Rdc8 37. Rb4 Bd7 38. Bb7 Re8 39. Kf2 Ne6 40. Bd5 Rec8 41. d4
exd4 42. cxd4 Nd8 43. Bf3 Nc6 44. Bxc6 Bxc6 45. c5 Bd5 46. Bf4 dxc5 47. dxc5 Rb7
48. cxb6 cxb6 49. Rxb7 Bxb7 50. Rxb6 Bd5 51. Rd6 Bf7 52. Rd7 Kg8 53. Ke3 Re8+
54. Kd4 Rc8 55. Bc7 Re8 56. Kc5 Rc8 57. Kb6 Rf8 58. Bd6 Re8 59. Be7 Be6 60. Ra7
Bf7 61. Kc7 Be6 62. Bd8 Bf7 63. Kd7 Kh8 64. Bc7 Kg8 65. Bd6 Kh8 66. Ra1 Kg8 67.
Ra3 Kh8 68. Ra7 Kg8 69. Kc6 Rc8+ 70. Kb6 Rd8 71. Bc5 Rb8+ 72. Ka5 Rc8 73. Bb4
Rd8 74. Ba3 Rd5+ 75. Kb6 Rd8 76. Rb7 Re8 77. Rd7 Rc8 78. Kb7 Re8 79. Bc5 Re1 80.
Kc7 Re8 81. Ba7 Kf8 82. Bc5+ Kg8 83. Bd6 Ra8 84. Re7 Ra7+ 85. Kd8 Ra8+ 86. Kd7
Ra7+ 87. Bc7 Ra8 88. Bb6 Kf8 89. Bc5 Kg8 90. Kc7 Re8 91. Rd7 Ra8 92. Kb7 Re8 93.
Ba3 Re1 94. Rc7 Re8 95. Ka7 Rd8 96. Bc5 Re8 97. Be7 Kh8 98. Bc5 Kg8 99. Bd6 Rd8
100. Bc5 1/2-1/2

[Event "CN Equipas 2019 - 1. div"]
[Site "Évora POR"]
[Date "2019.07.18"]
[Round "5.2.3"]
[White "Gukesh D"]
[Black "Spraggett, Kevin"]
[Result "1/2-1/2"]
[WhiteElo "2520"]
[BlackElo "2511"]
[WhiteFideId "46616543"]
[BlackFideId "2600013"]
[WhiteTeam "Gd Dias Ferreira 'A'"]
[BlackTeam "Ax Portugal/Atlantidiagonal 'A'"]
[WhiteTitle "GM"]
[BlackTitle "GM"]
[PlyCount "79"]

1. c4 Nf6 2. Nc3 d6 3. d4 g6 4. g3 Bg7 5. Bg2 O-O 6. Nf3 Nbd7 7. O-O e5 8. Qc2
c6 9. Rd1 Qe7 10. d5 c5 11. a3 b6 12. e4 Ba6 13. Nb5 Bb7 14. b4 Rfc8 15. Nd2 Bh6
16. Qd3 a6 17. Nc3 cxb4 18. axb4 a5 19. bxa5 Nc5 20. Qc2 Nfd7 21. Nb3 Nxb3 22.
Qxb3 Bxc1 23. Rdxc1 Nc5 24. Qxb6 Ba6 25. Qb1 Rcb8 26. Nb5 Qd8 27. Bf1 h5 28. Qc2
Bxb5 29. cxb5 Rxa5 30. Rxa5 Qxa5 31. Rb1 h4 32. gxh4 Qd8 33. h5 Qg5+ 34. Bg2
Qxh5 35. b6 Qg5 36. Qe2 Kg7 37. h3 Na4 38. Qc2 Nc5 39. Qe2 Na4 40. Qc2 1/2-1/2